000 00463nam a22001937a 4500
003 MPLRDC
005 20220104142339.0
008 210129b ||||| |||| 00| 0 eng d
020 _a957-659-170-8
082 _a177 CHP
100 _a成和平
245 _a心灵圣经
_c
250 _a第一版
260 _a
_b宇河文化出版有限公司
_c1999
300 _b
490 _a生活智典. 11
650 _a应用心理学
942 _cBK
_o177 CHP
999 _c30080
_d30070